The crown. The complete first season / Left Bank ... Read More
Available copies
- 2 of 2 copies available at LARL/NWRL Consortium.
- 1 of 1 copy available at Lake Agassiz Regional Library. (Show preferred library)
Current holds
0 current holds with 2 total copies.
Show Only Available Copies
| Location | Call Number / Copy Notes | Barcode | Shelving Location | Status | Due Date |
|---|---|---|---|---|---|
| Fosston Public Library | DVD CRO (Text) | 33500013185525 | Main | Available | - |
| Thief River Falls Public Library | DVD CRO (Text) | 35500005575673 | Main | Available | - |
Record details
- Physical Description: 4 videodiscs (approximately 599 minutes) : sound, ... Read More
- Publisher: Culver City, California : Sony Pictures Home Entertainment, [2017]
Content descriptions
| General Note: | Title from disc surface. Originally made available for online streaming by Netflix in 2016. Special feature: Photo gallery. |
| Formatted Contents Note: | Disc 1. Wolferton Splash ; Hyde Park Corner ; ... Read More |
| Participant or Performer Note: | Claire Foy, Matt Smith, Victoria Hamilton, Vanessa ... Read More |
| Summary, etc.: | The British Empire is in decline, the political ... Read More |
| Target Audience Note: | Not rated. |
| System Details Note: | DVD, NTSC region 1, anamorphic widescreen (2.00:1) ... Read More |
| Language Note: | In English, French, Japanese, Portuguese, or ... Read More |
Search for related items by subject
| Genre: | Television series. Historical television programs. Biographical television programs. Fiction television programs. Video recordings for the hearing impaired. |
Search for related items by series
| LDR | 05635cgm a2201093Ii 4500 | ||
|---|---|---|---|
| 001 | 266746 | ||
| 003 | LARL_NWRL_CONSORTIUM | ||
| 005 | 20171108164819.0 | ||
| 008 | 170928p20172016cau599 e vleng d | ||
| 007 | vd cvaizq | ||
| 040 | . | ‡aKYC ‡beng ‡erda ‡cKYC ‡dOCLCQ ‡dTEF ‡dJQM ‡dPX0 ‡dTEFMT ‡dIH9 ‡dSFR ‡dINO | |
| 019 | . | ‡a1008981820 ‡a1008986094 | |
| 024 | 1 | . | ‡a043396507104 |
| 024 | 1 | 0. | ‡a043396519015 |
| 024 | 7 | . | ‡a00043396507104 ‡2gtin-14 |
| 028 | 4 | 1. | ‡a50710 ‡bSony Pictures Home Entertainment |
| 028 | 4 | 1. | ‡a51901 ‡bSony Pictures Home Entertainment |
| 035 | . | ‡a(OCoLC)1005674039 ‡z(OCoLC)1008981820 ‡z(OCoLC)1008986094 | |
| 041 | 1 | . | ‡aeng ‡afre ‡ajpn ‡apor ‡aspa ‡jchi ‡jeng ‡jfre ‡jjpn ‡jkor ‡jpor ‡jspa ‡jtha ‡heng |
| 043 | . | ‡ae-uk--- | |
| 082 | 0 | 4. | ‡a791.45/75 ‡223 |
| 130 | 0 | . | ‡aCrown (Television program : 2016). ‡nSeason 1. |
| 245 | 1 | 4. | ‡aThe crown. ‡nThe complete first season / ‡cLeft Bank Pictures ; Sony Pictures Television ; created by Peter Morgan. |
| 257 | . | ‡aGreat Britain ‡2naf | |
| 264 | 1. | ‡aCulver City, California : ‡bSony Pictures Home Entertainment, ‡c[2017] | |
| 300 | . | ‡a4 videodiscs (approximately 599 minutes) : ‡bsound, color ; ‡c4 3/4 in. | |
| 336 | . | ‡atwo-dimensional moving image ‡btdi ‡2rdacontent | |
| 337 | . | ‡avideo ‡bv ‡2rdamedia | |
| 338 | . | ‡avideodisc ‡bvd ‡2rdacarrier | |
| 340 | . | ‡b4 3/4 in. ‡2rda | |
| 344 | . | ‡adigital ‡boptical ‡gsurround ‡hDolby Digital 5.1 ‡2rda | |
| 346 | . | ‡bNTSC ‡2rda | |
| 347 | . | ‡avideo file ‡bDVD video ‡eregion 1 ‡2rda | |
| 380 | . | ‡aTelevision programs ‡2lcgft | |
| 490 | 0 | . | ‡aCrown ; ‡vSeason 1 |
| 538 | . | ‡aDVD, NTSC region 1, anamorphic widescreen (2.00:1) presentation; 5.1 Dolby Digital. | |
| 546 | . | ‡aIn English, French, Japanese, Portuguese, or Spanish; English, Chinese, French, Japanese, Korean, Portuguese, Spanish, or Thai subtitles; English subtitles for the deaf and hard-of-hearing (SDH). | |
| 500 | . | ‡aTitle from disc surface. | |
| 511 | 1 | . | ‡aClaire Foy, Matt Smith, Victoria Hamilton, Vanessa Kirby, John Lithgow, Nicholas Rowe, Pip Torrens, Eileen Atkins, Jeremy Northam, Victoria Hamilton, Alex Jennings, Lia Williams, Ben Miles, Greg Wise, Jared Harris, Stephen Dillane. |
| 500 | . | ‡aOriginally made available for online streaming by Netflix in 2016. | |
| 521 | 8 | . | ‡aNot rated. |
| 520 | . | ‡aThe British Empire is in decline, the political world is in disarray, and a young woman takes the throne... a new era is dawning. Queen Elizabeth II is a 25-year-old newlywed faced with the daunting prospect of leading the world's most famous monarchy while forging a relationship with legendary Prime Minister Sir Winston Churchill. | |
| 505 | 0 | . | ‡aDisc 1. Wolferton Splash ; Hyde Park Corner ; Windsor -- Disc 2. Act of God ; Smoke and mirrors ; Gelignite -- Disc 3. Scientia Potentia Est ; Pride & Joy -- Disc 4. Assassins ; Gloriana. |
| 500 | . | ‡aSpecial feature: Photo gallery. | |
| 600 | 0 | 0. | ‡aElizabeth ‡bII, ‡cQueen of Great Britain, ‡d1926- ‡vDrama. |
| 600 | 1 | 0. | ‡aChurchill, Winston, ‡d1874-1965 ‡vDrama. |
| 600 | 0 | 0. | ‡aPhilip, ‡cPrince, consort of Elizabeth II, Queen of Great Britain, ‡d1921- ‡vDrama. |
| 600 | 0 | 0. | ‡aGeorge ‡bVI, ‡cKing of Great Britain, ‡d1895-1952 ‡vDrama. |
| 600 | 0 | 0. | ‡aElizabeth, ‡cQueen, consort of George VI, King of Great Britain, ‡d1900-2002 ‡vDrama. |
| 600 | 0 | 0. | ‡aMargaret, ‡cPrincess, Countess of Snowdon, ‡d1930-2002 ‡vDrama. |
| 650 | 0. | ‡aWomen ‡xPolitical activity ‡zGreat Britain ‡vDrama. | |
| 650 | 0. | ‡aQueens ‡zGreat Britain ‡vDrama. | |
| 650 | 0. | ‡aPrincesses ‡zGreat Britain ‡vDrama. | |
| 650 | 0. | ‡aPrime ministers ‡zGreat Britain ‡vDrama. | |
| 650 | 0. | ‡aMan-woman relationships ‡vDrama. ‡0(LARL_NWRL_CONSORTIUM)166008 | |
| 651 | 0. | ‡aGreat Britain ‡xPolitics and government ‡vDrama. | |
| 651 | 0. | ‡aGreat Britain ‡xHistory ‡y20th century ‡vDrama. | |
| 651 | 0. | ‡aGreat Britain ‡xHistory ‡yElizabeth II, 1952- ‡vDrama. | |
| 655 | 7. | ‡aTelevision series. ‡2lcgft ‡0(LARL_NWRL_CONSORTIUM)175797 | |
| 655 | 7. | ‡aHistorical television programs. ‡2lcgft ‡0(LARL_NWRL_CONSORTIUM)175692 | |
| 655 | 7. | ‡aBiographical television programs. ‡2lcgft ‡0(LARL_NWRL_CONSORTIUM)175619 | |
| 655 | 7. | ‡aFiction television programs. ‡2lcgft ‡0(LARL_NWRL_CONSORTIUM)175627 | |
| 655 | 7. | ‡aVideo recordings for the hearing impaired. ‡2lcgft ‡0(LARL_NWRL_CONSORTIUM)175744 | |
| 700 | 1 | . | ‡aMorgan, Peter, ‡d1963- ‡ecreator. ‡0(LARL_NWRL_CONSORTIUM)212246 |
| 700 | 1 | . | ‡aFoy, Claire, ‡d1984- ‡eactor. ‡0(LARL_NWRL_CONSORTIUM)215930 |
| 700 | 1 | . | ‡aSmith, Matt, ‡d1982- ‡eactor. |
| 700 | 1 | . | ‡aHamilton, Victoria, ‡d1971- ‡eactor. |
| 700 | 1 | . | ‡aKirby, Vanessa, ‡eactor. |
| 700 | 1 | . | ‡aLithgow, John, ‡d1945- ‡eactor. ‡0(LARL_NWRL_CONSORTIUM)93834 |
| 700 | 1 | . | ‡aRowe, Nicholas, ‡d1966- ‡eactor. ‡0(LARL_NWRL_CONSORTIUM)130208 |
| 700 | 1 | . | ‡aTorrens, Pip, ‡d1960- ‡eactor. |
| 700 | 1 | . | ‡aAtkins, Eileen, ‡d1934- ‡eactor. ‡0(LARL_NWRL_CONSORTIUM)152380 |
| 700 | 1 | . | ‡aNortham, Jeremy, ‡d1961- ‡eactor. ‡0(LARL_NWRL_CONSORTIUM)136483 |
| 700 | 1 | . | ‡aJennings, Alex, ‡eactor. ‡0(LARL_NWRL_CONSORTIUM)141886 |
| 700 | 1 | . | ‡aWilliams, Lia, ‡eactor. ‡0(LARL_NWRL_CONSORTIUM)219604 |
| 700 | 1 | . | ‡aMiles, Ben, ‡eactor. ‡0(LARL_NWRL_CONSORTIUM)211348 |
| 700 | 1 | . | ‡aWise, Greg, ‡d1966- ‡eactor. ‡0(LARL_NWRL_CONSORTIUM)203162 |
| 700 | 1 | . | ‡aHarris, Jared, ‡d1961- ‡eactor. ‡0(LARL_NWRL_CONSORTIUM)151682 |
| 700 | 1 | . | ‡aDillane, Stephen, ‡d1956- ‡eactor. |
| 710 | 2 | . | ‡aLeft Bank Pictures, ‡eproduction company. ‡0(LARL_NWRL_CONSORTIUM)217595 |
| 710 | 2 | . | ‡aSony Pictures Television, ‡eproduction company. ‡0(LARL_NWRL_CONSORTIUM)208624 |
| 710 | 2 | . | ‡aNetflix (Firm), ‡ebroadcaster. ‡0(LARL_NWRL_CONSORTIUM)220760 |
| 710 | 2 | . | ‡aSony Pictures Home Entertainment (Firm), ‡epublisher. ‡0(LARL_NWRL_CONSORTIUM)209884 |
| 730 | 0 | 2. | ‡iContainer of (expression): ‡aCrown (Television program : 2016). ‡nSeason 1. ‡lFrench. |
| 730 | 0 | 2. | ‡iContainer of (expression): ‡aCrown (Television program : 2016). ‡nSeason 1. ‡lJapanese. |
| 730 | 0 | 2. | ‡iContainer of (expression): ‡aCrown (Television program : 2016). ‡nSeason 1. ‡lPortuguese. |
| 730 | 0 | 2. | ‡iContainer of (expression): ‡aCrown (Television program : 2016). ‡nSeason 1. ‡lSpanish. |
| 901 | . | ‡a266746 ‡bOCoLC ‡c266746 ‡tbiblio ‡soclc | |

Add to basket
Permalink
Disable Highlighting